000
00262nam a22001097a 4500
041
_a
ENG
245
_a
Proceedings Of The Vasantrao Naik Memorial
260
_a
Akola
_b
Panjabrao Krishi Vidyapeeth
_c
1993
300
_a
223
650
_a
GAE (37)
856
_u
GAE (37)
999
_c
3157
_d
3157